000 00691nam a2200205Ia 4500
003 GCL
005 20240530104407.0
008 140319s1993 ua 000 0 ara d
040 _aGCL /
_cGCL
082 0 4 _a657.48
_bع م
100 0 _aعبدالفتاح الصحن
245 1 2 _aالمحاسبة المالية :
_bدراسة وتحليل /
_cعبدالفتاح الصحن
260 _aالاسكندرية :
_bمؤسسة شباب الجامعة ،
_c1993
300 _a618 ص. ؛
_c24 سم.
650 0 4 _aالمحاسبة
650 0 7 _2qrmak
_aالمالية
650 0 7 _2qrmak
_aالمالية العامة
650 0 7 _2qrmak
_aالمحاسبة المالية
942 _2ddc
_cBK
999 _c47191
_d47191